000 00685nam a2200277Ia 4500
003 OSt
005 20220912151756.0
006 a|||||r|||| 00| 0
007 ta
008 220909b |||||||| |||| 00| 0 eng d
024 _a30891
037 _cTextual
040 _aCSL
_beng
_cCSL
041 _aeng
082 _aB92v.A, L6
100 _aRoy S B
245 0 _aPrehistroic lunar astronomy
260 _aDelhi
_bInstitute of Chronology
_c1976
300 _a186p.
_ccm.
490 _aMonograph; 1
500 _aAppendix 119-136p.
_ccm.
650 _a Astronomy
650 _aMoon
942 _hB92v.A, L6
_cTEXL
_2CC
999 _c75078
_d75078